[Event "Dubai op 21st"]
[Site "Dubai"]
[Date "2019.04.06"]
[Round "5"]
[White "Kuzubov, Yuriy"]
[Black "Santos Ruiz, Miguel"]
[Result "1-0"]
[WhiteElo "2644"]
[BlackElo "2560"]
[PlyCount "79"]
[EventDate "2019.04.01"]
[EventType "swiss"]
[EventRounds "9"]
[EventCountry "UAE"]
[SourceTitle "CBM 189 Extra"]
[Source "ChessBase"]
[SourceDate "2019.06.03"]
[SourceVersion "1"]
[SourceVersionDate "2019.06.03"]
[SourceQuality "1"]

1. Nf3 d5 2. g3 g6 3. c4 dxc4 4. Na3 Bg7 5. Nxc4 Nc6 6. Bg2 e5 7. d3 Nge7 8. Bd2 a5 9. h4 h6 10. Qc1 Be6 11. O-O Qd7 12. Re1 Ra7 $146 ({RR} 12... f6 13. Be3 Nd5 14. Nfd2 Nce7 15. Bc5 b6 16. Bxe7 Kxe7 17. d4 exd4 18. Nb3 Nb4 19. Rd1 Qb5 20. Na3 Qe5 21. Nxd4 Rad8 22. Nab5 Bd7 23. f4 {1-0 (23) Almasi,Z (2682)-Rodshtein,M (2682) Hungary 2018}) 13. b3 Nf5 14. Bc3 f6 15. e4 Nfd4 16. Nxd4 exd4 17. Bd2 h5 18. a4 O-O 19. f4 Nb4 20. Bxb4 axb4 21. Qd2 c5 22. Rac1 Ra6 23. Kh2 Bh6 24. Qe2 Kg7 25. Rc2 Kh7 26. Qf1 b5 27. axb5 Qxb5 28. f5 gxf5 29. exf5 Bxc4 30. Rxc4 Be3 31. Rc2 Qb6 32. Bd5 Qd6 33. Qf3 Kh6 34. Kh3 Ra7 35. Ree2 Re8 36. Rg2 Ree7 37. Ra2 Rxa2 38. Rxa2 Bc1 39. Ra8 Re3 40. Qxh5+ 1-0

[Event "Titled Tuesday intern op 2nd April"]
[Site "Chess.com INT"]
[Date "2019.04.02"]
[Round "3"]
[White "Nakamura, Hikaru"]
[Black "Gordievsky, Dmitry"]
[Result "1-0"]
[WhiteElo "2746"]
[BlackElo "2585"]
[PlyCount "77"]
[EventDate "2019.04.02"]
[EventType "swiss (blitz)"]
[EventRounds "10"]
[EventCountry "USA"]
[SourceTitle "EXT 2021"]
[Source "ChessBase"]
[SourceDate "2020.10.23"]
[SourceVersion "1"]
[SourceVersionDate "2020.10.23"]
[SourceQuality "1"]

1. Nf3 c5 2. b3 b6 3. e4 ({RR} 3. g3 g6 4. Bb2 Nf6 5. e4 d6 6. e5 dxe5 7. Nxe5 Nbd7 8. Qf3 Rb8 9. Nc6 Bb7 10. Bxf6 Bxc6 11. Qxc6 exf6 12. Bb5 Rc8 13. Qd5 Be7 14. Nc3 Rc7 15. Ba6 Nb8 16. Bb5+ Kf8 17. O-O Kg7 {Andreikin,D (2712)-Dubov,D (2701) Moscow 2018 ½-½ (36)}) ({RR} 3. g3 Bb7 4. Bg2 Qc7 5. Bb2 Nf6 6. c4 e6 7. O-O Be7 8. Nc3 a6 9. Re1 d6 10. e4 Nbd7 11. d4 cxd4 12. Nxd4 Rc8 13. Qd2 O-O 14. h3 h5 15. Re2 Qb8 16. Rae1 Bd8 17. f4 b5 {Omelja,A (2415)-Herrera Reyes,J (2328) Brena Baja ESP 2025 1-0 (47)}) ({RR} 3. g3 Bb7 4. Bg2 Nf6 5. O-O e6 6. Bb2 Be7 7. e3 O-O 8. Qe2 d6 9. d4 Qc7 10. c4 Nbd7 11. Nc3 a6 12. Rac1 Rfe8 13. Rfd1 Rac8 14. d5 exd5 15. Nxd5 Nxd5 16. cxd5 Bf6 17. Nd4 g6 {Nakamura,H (2750)-Vasquez Schroder,R (2500) Chess.com INT 2022 1-0 (50)}) 3... Bb7 4. Nc3 Nf6 $146 ({RR} 4... g6 5. Bb2 Bg7 6. Bc4 Nc6 7. O-O e6 8. d4 Nxd4 9. Nb5 Nxf3+ 10. Qxf3 Bxb2 11. Nd6+ Ke7 12. Rad1 Nf6 13. Nxb7 Qc7 14. Nd6 Be5 15. Rfe1 Rad8 16. Rd2 Bxd6 17. Rxd6 Nxe4 18. Rd3 Nf6 19. Qh3 {Sandner,G (2327)-Zwanzger,J (2351) Germany 2004 0-1}) ({RR} 4... g6 5. Bb2 Bg7 6. d4 cxd4 7. Nxd4 Nf6 8. Qe2 Nc6 9. Nxc6 Bxc6 10. O-O-O O-O 11. g3 b5 12. Bg2 b4 13. Nd5 a5 14. Rhe1 Re8 15. e5 Nxd5 16. Bxd5 Bxd5 17. Rxd5 Qc7 18. Red1 d6 19. exd6 {Tomczak,M (2395)-Teclaf,P (2372) Szczyrk 2017 1-0 (48)}) 5. e5 Nd5 6. Bc4 Nf4 7. O-O Ng6 8. Re1 e6 9. d4 cxd4 10. Nxd4 a6 11. Ne4 Nxe5 12. Bg5 Qc7 13. Nf5 Nxc4 14. bxc4 Bxe4 15. Rxe4 Nc6 16. Bf4 d6 17. Nxd6+ Bxd6 18. Bxd6 Qd7 19. Re3 Ne7 20. Rd3 Ng6 21. Rb1 Qc6 22. Rdb3 b5 23. cxb5 axb5 24. Rxb5 Rc8 25. Rb8 Ne7 26. Rxc8+ Nxc8 27. Rb8 f6 28. c4 Kf7 29. c5 Rd8 30. Qb1 Kg8 31. h3 Re8 32. Qb5 Qxb5 33. Rxb5 Nxd6 34. cxd6 Rd8 35. Rb6 Kf7 36. a4 Ra8 37. Rb7+ Kf8 38. a5 Ra6 39. Rb8+ 1-0

[Event "Titled Tuesday intern op 2nd April"]
[Site "Chess.com INT"]
[Date "2019.04.02"]
[Round "4"]
[White "Iturrizaga Bonelli, Eduardo"]
[Black "Nasuta, Grzegorz"]
[Result "1-0"]
[WhiteElo "2633"]
[BlackElo "2516"]
[PlyCount "73"]
[EventDate "2019.04.02"]
[EventType "swiss (blitz)"]
[EventRounds "10"]
[EventCountry "USA"]
[SourceTitle "EXT 2021"]
[Source "ChessBase"]
[SourceDate "2020.10.23"]
[SourceVersion "1"]
[SourceVersionDate "2020.10.23"]
[SourceQuality "1"]

1. c4 g6 2. g3 Bg7 3. Bg2 c5 4. Nc3 Nc6 5. Nf3 e6 6. d4 cxd4 7. Nb5 d5 8. cxd5 exd5 9. O-O Nf6 10. Nfxd4 O-O 11. Bf4 a6 12. Nxc6 bxc6 13. Nc3 $146 ({RR} 13. Nd4 Bd7 14. Rc1 Qb6 15. Nb3 Rfe8 16. Qd2 Bg4 17. Be3 Rxe3 18. Qxe3 Qxe3 19. fxe3 Bxe2 20. Rfe1 Bb5 21. Nd4 Rc8 22. Bf3 c5 23. Nxb5 axb5 24. a3 c4 25. Rcd1 Rd8 26. Re2 Bf8 27. g4 h6 {Heimisson,H (2350)-Ramsdal,J (2378) Aarhus DEN 2023 0-1 (53)}) ({RR} 13. Nd4 Bd7 14. Rc1 Qb6 15. Nb3 Rfe8 16. Qd2 Bg4 17. Be3 Rxe3 18. Qxe3 Qxe3 19. fxe3 Bxe2 20. Rfe1 Bb5 21. Nd4 Rc8 22. Bf3 c5 23. Nxb5 axb5 24. a3 c4 25. Rcd1 Rd8 26. Re2 Bf8 27. g4 h6 {Heimisson,H (2350)-Ramsdal,J (2378) Aarhus DEN 2023 0-1 (53)}) 13... Nh5 14. Bd2 Rb8 15. b3 Re8 16. Rc1 a5 17. Re1 Ba6 18. Na4 Bb7 19. Nc5 Bc8 20. e4 Nf6 21. Bf4 Rb4 22. exd5 Nxd5 23. Rxe8+ Qxe8 24. Bd2 Rd4 25. Qe1 Qxe1+ 26. Bxe1 Bf8 27. Bf3 Bh6 28. Rd1 Rxd1 29. Bxd1 Bf8 30. Nd3 Nb4 31. Ne5 Nxa2 32. Nxc6 Bb4 33. Bxb4 axb4 34. Ne7+ Kf8 35. Nxc8 Nc3 36. Bf3 Ke8 37. Nb6 1-0

[Event "CHN-chT"]
[Site "China"]
[Date "2019.05.09"]
[Round "7.10"]
[White "Dzagnidze, Nana"]
[Black "Li, Yunshan"]
[Result "1-0"]
[WhiteElo "2510"]
[BlackElo "2587"]
[PlyCount "83"]
[EventDate "2019.04.09"]
[EventType "team-tourn"]
[EventRounds "22"]
[EventCountry "CHN"]
[SourceTitle "CBM 190 Extra"]
[Source "ChessBase"]
[SourceDate "2019.07.15"]
[SourceVersion "1"]
[SourceVersionDate "2019.07.15"]
[SourceQuality "1"]
[WhiteTeam "Shenzhen Longgang"]
[BlackTeam "Chengdu Beilei Youth"]
[WhiteTeamCountry "CHN"]
[BlackTeamCountry "CHN"]

1. Nf3 {RR} ({RR} 1. c4 c5 2. b3 Nf6 3. Bb2 g6 4. Bxf6 exf6 5. Nc3) 1... Nf6 2. b3 c5 3. Bb2 Nc6 4. e3 g6 5. Bxf6 exf6 6. c4 d5 ({RR} 6... Bg7 7. Nc3) 7. cxd5 Qxd5 ({RR} 7... Nb4 8. Bb5+) 8. Nc3 Qd8 ({RR} 8... Qd6 9. Rc1 f5 10. Qc2 Nb4 11. Qb1 Bg7 12. d4 O-O 13. Nb5 Qe7 14. Rxc5 f4 15. e4 a6 16. Nc7 b6 17. Rc4 Bb7 18. Nd2 b5 19. Rc1 Rac8 20. a3 Rxc7 21. Rxc7 Qxc7 22. axb4 Bxd4 23. Bd3 {Kaplan,A (2342)-Macovei,A (2479) Charlotte USA 2025 0-1 (42)}) 9. Rc1 ({RR} 9. Bb5 Bd7 10. O-O Bg7 11. Rc1 a6 12. Bxc6 Bxc6 13. d4 cxd4 14. Nxd4 Rc8 15. Nxc6 Rxc6 16. Qxd8+ Kxd8 17. Nd5 Kd7 18. e4 Re8 19. f3 Ree6 20. Rcd1 Kc8 21. Rf2 Bh6 22. g3 Kb8 23. Kg2 Rcd6) 9... Be7 $146 ({RR} 9... Ne5 10. d4 cxd4 11. exd4 Nxf3+ 12. Qxf3 Bb4 13. Bb5+ Kf8 14. O-O Kg7 15. Nd5 Bd6 16. Rfd1 a6 17. Bf1 Bd7 18. Ne3 b5 19. g3 h5 20. Bg2 Rb8 21. d5 f5 22. Nc2 Qf6 23. Nd4 f4 24. Qd3 {Bassel,C (2111)-Abdulaziz,M (2123) Beirut 2015 ½-½ (33)}) ({RR} 9... Nb4 10. d4 ({RR} 10. Bb5+) 10... cxd4 11. Nxd4 Bh6 12. a3 Nd5 13. Bb5+ Kf8 14. Nxd5 ({RR} 14. Nc6 bxc6 15. Bxc6 Rb8 16. Bxd5 Kg7 17. O-O Qe7) 14... Qxd5 15. O-O a6 16. Bc4 Qe5 17. b4 Kg7 18. Qb3 Rf8 19. Bd5 f5 20. Rc5 Qd6 21. Rd1 Qf6 22. f4 Re8 23. Nf3 Re7 24. Ne5 {Kosten,A (2519)-Migot,T (2048) Sautron 2007 EXT 2008 [RR] 1-0 (40)}) 10. Bb5 Bd7 11. O-O O-O 12. Nd5 a6 13. Nxe7+ Qxe7 14. Bxc6 Bxc6 15. d4 Bxf3 16. Qxf3 cxd4 17. exd4 Rac8 18. g3 Rfd8 19. Rxc8 Rxc8 20. Rd1 Kg7 21. d5 Qd6 22. g4 Re8 23. Kg2 Re5 24. Qf4 Re6 25. Kf3 Re5 26. Kg2 Re6 27. Qxd6 Rxd6 28. Kf3 Kf8 29. Ke4 Ke7 30. Kd4 Rb6 31. Kc4 g5 32. Re1+ Kd7 33. f4 gxf4 34. Rf1 f5 35. Rxf4 Rg6 36. Rxf5 Kd6 37. g5 Kd7 38. Rxf7+ Ke8 39. Rxb7 h6 40. gxh6 Rxh6 41. Ra7 Kd8 42. Kc5 1-0

[Event "Shenzhen Du Te Cup 3rd"]
[Site "Shenzhen"]
[Date "2019.04.25"]
[Round "8"]
[White "Rapport, Richard"]
[Black "Harikrishna, Pentala"]
[Result "1-0"]
[WhiteElo "2726"]
[BlackElo "2723"]
[PlyCount "135"]
[EventDate "2019.04.17"]
[EventType "tourn"]
[EventRounds "10"]
[EventCountry "CHN"]
[EventCategory "21"]
[SourceTitle "CBM 190"]
[Source "ChessBase"]
[SourceDate "2019.06.30"]
[SourceVersion "1"]
[SourceVersionDate "2019.06.30"]
[SourceQuality "1"]

1. Nf3 Nf6 2. g3 d5 3. Bg2 e6 4. O-O Be7 5. d3 O-O 6. Bf4 b6 7. e4 dxe4 8. dxe4 Bb7 9. e5 Qxd1 10. Rxd1 Nfd7 $146 ({RR} 10... Nd5 11. Bd2 Rd8 12. a3 c5 13. Nc3 Nxc3 14. Bxc3 Na6 15. b3 Rxd1+ 16. Rxd1 Rd8 17. Rxd8+ Bxd8 18. Nd2 Bxg2 19. Kxg2 Nb8 20. Kf3 Nc6 21. Ke4 f5+ 22. exf6 Bxf6 23. Kd3 Kf7 24. Ne4 Bxc3 25. Kxc3 {Lagarde,M (2606)-Moussard,J (2600) Asnieres-sur-Seine FRA 2024 ½-½ (31)}) ({RR} 10... Nd5 11. Bg5 Bxg5 12. Nxg5 h6 13. Nxe6 fxe6 14. c4 Ne3 15. fxe3 Bxg2 16. Kxg2 Nc6 17. Nc3 Nxe5 18. Rd4 c5 19. Rf4 Rxf4 20. exf4 Nxc4 21. b3 Ne3+ 22. Kf3 Nd5 23. Nb5 a6 24. Nd6 Rd8 25. Nc4 {Grischuk,A (2777)-Dominguez Perez,L (2758) Moscow 2019 ½-½ (65)}) 11. Nc3 a6 12. h4 h6 13. a4 Rd8 14. h5 Nf8 15. Rxd8 Bxd8 16. Rd1 Be7 17. g4 Bb4 18. Na2 Be7 19. Nc3 Bb4 20. Ne2 Be7 21. Kh2 Ra7 22. Nd2 Bxg2 23. Kxg2 c5 24. Nc4 Rd7 25. Ra1 Bd8 26. Be3 Nc6 27. f4 Nb4 28. Rc1 Nd5 29. Bf2 Bc7 30. Kf3 f6 31. exf6 gxf6 32. Ne3 Nb4 33. Bh4 Kf7 34. Ng3 Rd4 35. Ne2 Rd7 36. g5 hxg5 37. fxg5 fxg5 38. Bxg5 Nh7 39. Bh4 Nd5 40. Rd1 Ndf6 41. Rxd7+ Nxd7 42. Ng4 Ne5+ 43. Nxe5+ Bxe5 44. b3 b5 45. c4 bxa4 46. bxa4 Nf8 47. Ng3 Nd7 48. Ne4 Nb6 49. Nxc5 Nxc4 50. Nxa6 Bd6 51. Bd8 Nb2 52. a5 Nc4 53. Kg4 Ne5+ 54. Kg5 Nf3+ 55. Kg4 Ne5+ 56. Kh4 Nc4 57. Kg5 Ba3 58. Nb8 Bc1+ 59. Kh4 Ke8 60. Bc7 Be3 61. a6 Na3 62. Kg4 Nb5 63. Bf4 Bc5 64. Nc6 Kd7 65. Ne5+ Ke8 66. h6 Bf8 67. h7 Bg7 68. Kh5 1-0

[Event "DEN-ch blitz Gp2"]
[Site "Svendborg"]
[Date "2019.04.19"]
[Round "5"]
[White "Schandorff, Lars"]
[Black "Chatalbashev, Boris"]
[Result "1-0"]
[WhiteElo "2517"]
[BlackElo "2531"]
[PlyCount "93"]
[EventDate "2019.04.19"]
[EventType "tourn (blitz)"]
[EventRounds "7"]
[EventCountry "DEN"]
[SourceTitle "EXT 2020"]
[Source "ChessBase"]
[SourceDate "2019.10.17"]
[SourceVersion "1"]
[SourceVersionDate "2019.10.17"]
[SourceQuality "1"]

1. Nf3 g6 2. d4 Bg7 3. g3 c5 4. Bg2 cxd4 5. Nxd4 Nc6 6. Nb3 h5 7. O-O $146 ({RR} 7. h3 d6 8. c4 Be6 9. c5 d5 10. N1d2 Nf6 11. h4 O-O 12. O-O Bf5 13. Nf3 e5 14. Bg5 Qd7 15. Nfd2 Nh7 16. e4 Bg4 17. f3 Be6 18. exd5 Bxd5 19. Be3 a5 20. Nc4 Qe6 21. Nb6 Rad8 {Koneru,H (2513)-Kosintseva,T (2451) Elista 2004 1-0 (48)}) ({RR} 7. h3 d6 8. Nc3 Be6 9. e4 Bxc3+ 10. bxc3 Nf6 11. O-O Qd7 12. Kh2 Rc8 13. Nd4 Ne5 14. f4 Nc6 15. Be3 Bc4 16. Rf2 d5 17. e5 Ne4 18. Bxe4 dxe4 19. Rd2 Nxd4 20. Rxd4 Qc6 21. a4 Be6 {Onischuk,V (2629)-Kovalenko,I (2656) Lutsk 2015 1-0 (53)}) ({RR} 7. h3 Nf6 8. Nc3 d6 9. e4 Be6 10. Nd5 Rc8 11. c3 Ne5 12. O-O Qd7 13. Nf4 Bc4 14. Re1 g5 15. Nd5 Nxd5 16. exd5 g4 17. h4 Nd3 18. Re4 Nxc1 19. Rxc1 Be5 20. Bf1 Bxf1 21. Qxf1 f5 {Shandrygin,N (2209)-Svane,F (2668) chess.com INT 2025 1-0 (46)}) ({RR} 7. h4 Nf6 8. O-O d6 9. Nc3 Bd7 10. Nd5 Nxd5 11. Qxd5 O-O 12. c3 Be6 13. Qb5 Qc7 14. Bf4 a6 15. Qd3 Rac8 16. Rac1 b5 17. Rfd1 Bc4 18. Qe3 Ne5 19. Bh3 Rb8 20. Bh6 a5 21. Bxg7 Kxg7 {Orantes Taboada,F (2263)-Baklan,V (2587) Chess.com INT 2021 0-1}) 7... h4 8. c4 a5 9. e3 d6 10. Nd4 Bd7 11. Nc3 Qc8 12. Re1 hxg3 13. hxg3 Nxd4 14. exd4 Qxc4 15. Nd5 Rd8 16. Bg5 f6 17. Bf4 Bc6 18. Nc7+ Kd7 19. d5 Kxc7 20. dxc6 bxc6 21. Rc1 Qxa2 22. Rxc6+ Kd7 23. Qc2 Ke8 24. Qxg6+ Qf7 25. Qd3 Kf8 26. Rec1 Bh6 27. Bd5 Qh5 28. Bf3 Qf7 29. Bd5 e6 30. Rxd6 Rxd6 31. Bxd6+ Kg7 32. Rc7 Qxc7 33. Bxc7 exd5 34. Qxd5 Ne7 35. Qd7 Kf7 36. Bxa5 Rb8 37. Bc3 Bc1 38. b4 Ba3 39. Qa4 Bc1 40. Qc2 Bg5 41. Kg2 Rc8 42. Qd3 Rb8 43. b5 Nc8 44. Bb4 Nb6 45. Qd6 Rb7 46. Bc5 Na4 47. Qd5+ 1-0

[Event "Abidjan GCT rapid"]
[Site "Abidjan"]
[Date "2019.05.09"]
[Round "5"]
[White "Amin, Bassem"]
[Black "Nakamura, Hikaru"]
[Result "1-0"]
[WhiteElo "2704"]
[BlackElo "2761"]
[PlyCount "169"]
[EventDate "2019.05.08"]
[EventType "tourn (rapid)"]
[EventRounds "9"]
[EventCountry "IVO"]
[EventCategory "21"]
[SourceTitle "CBM 190"]
[Source "ChessBase"]
[SourceDate "2019.06.30"]
[SourceVersion "1"]
[SourceVersionDate "2019.06.30"]
[SourceQuality "1"]

1. e4 c5 2. Nf3 e6 3. d3 Nc6 4. g3 g6 5. Bg2 Bg7 6. O-O d6 7. c3 Nf6 8. Re1 O-O 9. d4 e5 10. dxc5 dxc5 11. Qxd8 Rxd8 12. Na3 Ne8 13. Bf1 $146 ({RR} 13. Nd2 Rb8 14. Nac4 b5 15. Ne3 Be6 16. Nb3 Bf8 17. Nd5 c4 18. Nd2 f6 19. b3 Bxd5 20. exd5 Ne7 21. bxc4 bxc4 22. Nxc4 Nxd5 23. Na5 Rb6 24. Rd1 Rbd6 25. Nb7 Nxc3 26. Rxd6 Rxd6 27. Nxd6 Bxd6 {Lombard,A-Tacchio,R Florence 1972 1-0 (37)}) 13... f6 14. Bc4+ Kf8 15. Be3 b6 16. Bd5 Bd7 17. Nb5 Rab8 18. a4 a6 19. Na3 Ne7 20. Bb3 Nc6 21. Nd2 Nc7 22. f4 Bh6 23. Kg2 Na5 24. Bc2 Bc6 25. b4 Nb7 26. Ndc4 exf4 27. gxf4 b5 28. axb5 axb5 29. Nb6 cxb4 30. cxb4 Nd6 31. Kg3 Bxe4 32. Bc5 Bxc2 33. Nxc2 Kg8 34. Nd4 Nc4 35. Nxc4 bxc4 36. Nc6 Rd3+ 37. Kf2 Rb7 38. f5 c3 39. Re2 Bf8 40. Bxf8 Kxf8 41. fxg6 hxg6 42. Ra5 Rb6 43. Rc5 Ne8 44. Ne7 Kf7 45. Nd5 Rb7 46. b5 Nd6 47. Nxc3 g5 48. Kg2 Kg6 49. Rb2 Nf5 50. Ne4 Ne3+ 51. Kg1 Re7 52. Nf2 Ra3 53. Rc1 Rb7 54. h3 Ra5 55. Rc5 Nf5 56. Ne4 Nd4 57. Nd6 Rd7 58. Nc4 Ra1+ 59. Kf2 Rh7 60. b6 Ra8 61. b7 Rb8 62. Nd6 Rxh3 63. Rb4 Rh2+ 64. Kf1 Rh1+ 65. Kg2 Rd1 66. Rc8 Rd2+ 67. Kf1 Nf3 68. Rb3 Rxb7 69. Nxb7 g4 70. Nc5 Rc2 71. Rd3 Kf5 72. Nb7 Rb2 73. Nd6+ Ke6 74. Re8+ Kd7 75. Re2 Rb1+ 76. Kf2 Ne5 77. Rdd2 Kc6 78. Ne4 Rb3 79. Rd6+ Kb5 80. Rxf6 Nd3+ 81. Kg2 Ra3 82. Rf5+ Kc4 83. Nf2 Nb4 84. Re4+ Kc3 85. Re3+ 1-0

[Event "Abidjan GCT blitz"]
[Site "Abidjan"]
[Date "2019.05.11"]
[Round "6"]
[White "Amin, Bassem"]
[Black "Topalov, Veselin"]
[Result "1-0"]
[WhiteElo "2704"]
[BlackElo "2740"]
[PlyCount "59"]
[EventDate "2019.05.11"]
[EventType "tourn (blitz)"]
[EventRounds "18"]
[EventCountry "IVO"]
[EventCategory "21"]
[SourceTitle "CBM 190"]
[Source "ChessBase"]
[SourceDate "2019.06.30"]
[SourceVersion "1"]
[SourceVersionDate "2019.06.30"]
[SourceQuality "1"]

1. Nf3 d5 2. g3 c6 3. Bg2 Bg4 4. O-O Nd7 5. d3 e6 6. e4 Bd6 7. h3 Bh5 8. Re1 Ne7 9. Nbd2 O-O 10. d4 ({RR} 10. g4 Bg6 11. e5 Bc7 12. Nf1 c5 13. Bg5 Qe8 14. c3 Nc6 15. d4 cxd4 16. cxd4 Rc8 17. Nh4 Bb6 18. Be3 Qe7 19. Nxg6 fxg6 20. Re2 Qb4 21. Rd2 Na5 22. b3 Rc7 23. Ng3 Nc6 24. a3 Qe7 {Navara,D (2708)-Balogh,C (2622) Rijeka 2010 ½-½}) ({RR} 10. b3 Be5 11. Rb1 Bc3 12. Bb2 Bxf3 13. Bxf3 Qa5 14. Bxc3 Qxc3 15. Bg2 a5 16. Nf3 b5 17. d4 dxe4 18. Ng5 Nf6 19. Re3 Qb4 20. c3 Qa3 21. Nxe4 Nxe4 22. Bxe4 Qxa2 23. c4 bxc4 24. Ra1 Qb2 {Sanikidze,T (2437)-Valiyev,S (2260) Petrovac MNE 2024 ½-½ (36)}) 10... a5 $146 ({RR} 10... b5 11. c3 a5 12. e5 Bc7 13. g4 Bg6 14. Nf1 c5 15. Ng3 c4 16. h4 Ra6 17. h5 Bd3 18. h6 g6 19. Bg5 Qe8 20. Re3 f6 21. exf6 Nxf6 22. Ne5 Bxe5 23. Rxe5 Qf7 24. f3 Nc6 25. Re3 {Valderrama Quiceno,E (2430)-Akobian,V (2614) Krasnaya Polyana 2021 0-1 (54)}) ({RR} 10... Bc7 11. c3 c5 12. Qb3 Rb8 13. exd5 Nxd5 14. Ne4 cxd4 15. Nxd4 N7f6 16. Nxf6+ Nxf6 17. Be3 Nd5 18. Bxd5 exd5 19. Nb5 Bf3 20. Nxc7 Qxc7 21. Bxa7 Qd7 22. Re3 Be4 23. Bxb8 Rxb8 24. Kh2 b5 25. f3 {Anton Guijarro,D (2688)-Szustakowski,A (2295) Chess.com INT 2020 1-0 (40)}) 11. c4 Bb4 12. a3 Bxd2 13. Bxd2 dxe4 14. Rxe4 b5 15. cxb5 cxb5 16. Bg5 Nb6 17. Bxe7 Qxe7 18. Re5 Bg6 19. Rxb5 Nc4 20. Ne5 Rac8 21. Nc6 Qd6 22. Rc1 Rxc6 23. Bxc6 Qxc6 24. Rc5 Qb7 25. R1xc4 Qxb2 26. Qc1 Qe2 27. Rc8 Be4 28. Rxf8+ Kxf8 29. Rc8+ Ke7 30. Qg5+ 1-0

[Event "Abidjan GCT blitz"]
[Site "Abidjan"]
[Date "2019.05.12"]
[Round "12"]
[White "Wei, Yi"]
[Black "Amin, Bassem"]
[Result "1-0"]
[WhiteElo "2736"]
[BlackElo "2704"]
[PlyCount "113"]
[EventDate "2019.05.11"]
[EventType "tourn (blitz)"]
[EventRounds "18"]
[EventCountry "IVO"]
[EventCategory "21"]
[SourceTitle "CBM 190"]
[Source "ChessBase"]
[SourceDate "2019.06.30"]
[SourceVersion "1"]
[SourceVersionDate "2019.06.30"]
[SourceQuality "1"]

1. Nf3 f5 2. d3 Nc6 3. d4 e6 4. g3 Nf6 5. Bg2 Be7 6. c4 O-O 7. O-O d6 8. d5 Ne5 9. Nd4 Nxc4 10. dxe6 g6 ({RR} 10... Ne4 11. Nxf5 Rxf5 12. Bxe4 Re5 13. Nc3 c6 14. Qd3 Bxe6 15. Bxh7+ Kh8 16. b3 Nb6 17. Bf4 Rh5 18. Bg6 Rh3 19. Bf5 Bxf5 20. Qxf5 Qd7 21. Qxd7 Nxd7 22. Rad1 d5 23. e4 Bb4 24. Nb1 Nf6 25. exd5 {Vaishali,R (2506)-Roebers,E (2315) chess.com INT 2024 ½-½ (69)}) 11. Bh6 Re8 12. Qc1 $146 ({RR} 12. Bc6 Ng4 13. Bxe8 Qxe8 14. Qc1 Nb6 15. Bg5 c5 16. Nb5 Bxg5 17. Qxg5 Qxb5 18. Qd8+ Kg7 19. Nc3 Qc6 20. Qe7+ Kh6 21. f3 Bxe6 22. fxg4 {1-0 (22) Sulskis,S (2519)-Sanders,I (2359) Riga 2017}) ({RR} 12. Bc6 Ng4 13. Bxe8 Qxe8 14. Qb3 Na5 15. Qd5 c5 16. Bd2 Nf6 17. Qf3 Nc4 18. Nb3 Bxe6 19. Bc3 b5 20. N1d2 Ne5 21. Bxe5 dxe5 22. Qc3 Nd7 23. e4 c4 24. Na5 Bc5 25. exf5 gxf5 26. a4 Bd4 {Godart,F (2393)-Beukema,S (2355) Buetgenbach 2016 0-1 (87)}) 12... Ne5 13. Nc3 c5 14. Nc2 Bxe6 15. Bxb7 Rb8 16. Bg2 d5 17. Bf4 Bd6 18. Bg5 d4 19. Nd5 Bxd5 20. Bxd5+ Nf7 21. e3 d3 22. Ne1 Be5 23. Bxf7+ Kxf7 24. Qc4+ Qd5 25. Qxd5+ Nxd5 26. Nxd3 Bxb2 27. Rab1 c4 28. Nxb2 Nc3 29. Nxc4 Rxb1 30. Nd6+ Kf8 31. Rxb1 Nxb1 32. Nxe8 Kxe8 33. Bf6 Kf7 34. Bd4 a6 35. f3 Nd2 36. Kf2 Ke6 37. Ke2 Nc4 38. Kd3 Nd6 39. Bc5 Nf7 40. Bd4 Ng5 41. Ke2 Kd5 42. h4 Nf7 43. Kd3 Nd6 44. Bc3 h6 45. Bg7 Nf7 46. Kc3 g5 47. h5 g4 48. e4+ Ke6 49. fxg4 fxg4 50. Kd4 Kd6 51. e5+ Ke6 52. Ke4 a5 53. Kf4 a4 54. a3 Kd5 55. Kf5 Ng5 56. Bxh6 Nf3 57. Bf4 1-0

[Event "Abidjan GCT blitz"]
[Site "Abidjan"]
[Date "2019.05.12"]
[Round "14"]
[White "Amin, Bassem"]
[Black "Ding, Liren"]
[Result "1-0"]
[WhiteElo "2704"]
[BlackElo "2805"]
[PlyCount "185"]
[EventDate "2019.05.11"]
[EventType "tourn (blitz)"]
[EventRounds "18"]
[EventCountry "IVO"]
[EventCategory "21"]
[SourceTitle "CBM 190"]
[Source "ChessBase"]
[SourceDate "2019.06.30"]
[SourceVersion "1"]
[SourceVersionDate "2019.06.30"]
[SourceQuality "1"]

1. Nf3 d5 2. g3 Bf5 3. Bg2 e6 4. O-O c6 5. d3 Nf6 6. Nbd2 h6 7. b3 Nbd7 8. Bb2 Be7 9. e4 dxe4 10. dxe4 Bh7 11. Qe2 O-O 12. Rad1 Qc7 13. e5 Nd5 14. Ne4 b5 15. c4 bxc4 16. bxc4 N5b6 17. Nd6 Rad8 18. Nd4 $146 ({RR} 18. Ba3 c5 19. Nb5 Qb8 20. Rfe1 Na4 21. Nfd4 Nxe5 22. Qxe5 Qxe5 23. Rxe5 a6 24. Ree1 Bf6 25. Nc6 Rxd1 26. Rxd1 axb5 27. cxb5 Rc8 28. Rc1 Bd3 29. Bf1 Be4 30. Rc4 Bxc6 31. bxc6 Nc3 32. Rxc5 Bd4 {Weyrich,M (2312)-Schuette,M (2249) Germany 2005 1-0 (45)}) 18... Nxe5 19. c5 Nbd7 20. Nxe6 fxe6 21. Bxe5 Nxe5 22. Qxe5 Rf6 23. Rfe1 Rdf8 24. f4 Bg6 25. Kh1 Kh7 26. h4 Bd8 27. h5 Bf5 28. Nxf5 exf5 29. Qxc7 Bxc7 30. Rd7 R8f7 31. Bxc6 Rxd7 32. Bxd7 g5 33. hxg6+ Kxg6 34. Re7 Rf8 35. Bxf5+ Kxf5 36. Rxc7 a5 37. Kg2 Rd8 38. Kh3 Rd2 39. a4 Ra2 40. c6 Rxa4 41. Rh7 Kg6 42. Ra7 Rc4 43. c7 a4 44. g4 a3 45. Kh4 a2 46. f5+ Kf6 47. Kh5 Rc1 48. Ra6+ Kg7 49. Kh4 Rxc7 50. Rxa2 Rc1 51. Ra7+ Kf6 52. Ra6+ Kg7 53. Kg3 Rg1+ 54. Kf3 Rf1+ 55. Ke4 Re1+ 56. Kf4 Rf1+ 57. Ke3 Re1+ 58. Kf2 Rb1 59. Re6 Ra1 60. Rg6+ Kh7 61. Kg3 Rg1+ 62. Kf4 Ra1 63. Re6 Kg7 64. Rg6+ Kh7 65. Rd6 Kg7 66. Rd7+ Kf6 67. Rh7 Rf1+ 68. Kg3 Rh1 69. Rh8 Kg7 70. Re8 Ra1 71. Re7+ Kf6 72. Rh7 Rh1 73. Kg2 Rh4 74. Kf3 Rh2 75. Kf4 Rh1 76. Kg3 Ke5 77. Rf7 Rg1+ 78. Kf3 Rf1+ 79. Kg2 Ra1 80. Kg3 Rg1+ 81. Kf3 Rf1+ 82. Kg2 Ra1 83. Rh7 Kf4 84. Rg7 h5 85. f6 hxg4 86. f7 Ra2+ 87. Kf1 Ra1+ 88. Ke2 Ra2+ 89. Kd3 Ra3+ 90. Kd4 Ra4+ 91. Kc3 Ra8 92. Rg8 Ra3+ 93. Kb2 1-0

[Event "Abidjan GCT blitz"]
[Site "Abidjan"]
[Date "2019.05.12"]
[Round "16"]
[White "Vachier Lagrave, Maxime"]
[Black "Topalov, Veselin"]
[Result "1-0"]
[WhiteElo "2780"]
[BlackElo "2740"]
[PlyCount "73"]
[EventDate "2019.05.11"]
[EventType "tourn (blitz)"]
[EventRounds "18"]
[EventCountry "IVO"]
[EventCategory "21"]
[SourceTitle "CBM 190"]
[Source "ChessBase"]
[SourceDate "2019.06.30"]
[SourceVersion "1"]
[SourceVersionDate "2019.06.30"]
[SourceQuality "1"]

1. Nf3 d5 2. g3 c6 3. Bg2 Bg4 4. O-O Nd7 5. h3 Bxf3 6. Bxf3 e6 ({RR} 6... Ngf6 7. d3 e5 8. Nd2 Be7 9. Bg2 O-O 10. a3 a5 11. b3 Re8 12. Bb2 Qc7 13. e3 Rad8 14. Qe2 Nc5 15. Nf3 Bd6 16. d4 exd4 17. Nxd4 Be5 18. Rfd1 Ne6 19. c4 Nxd4 20. Bxd4 Bxd4 21. Rxd4 {Maghsoodloo,P (2674)-Drozdowski,K (2450) chess.com INT 2025 0-1 (44)}) 7. d3 Bd6 8. e4 Ngf6 ({RR} 8... Ne7 9. d4 dxe4 10. Bxe4 Nf6 11. Bd3 h5 12. h4 Bc7 13. c3 Qd7 14. Qf3 e5 15. Bg5 Ng4 16. Bxe7 Qxe7 17. Bf5 exd4 18. cxd4 O-O 19. Nc3 Nf6 20. Rfe1 Qd6 21. Rad1 Rfe8 22. Rxe8+ Rxe8 23. d5 {Vachier Lagrave,M (2758)-Dubov,D (2661) Skopje 2015 ½-½ (49)}) 9. Qe2 $146 ({RR} 9. Nd2 O-O 10. d4 dxe4 11. Nxe4 Nxe4 12. Bxe4 Qc7 13. c3 e5 14. dxe5 Bxe5 15. Qc2 g6 16. Bh6 Rfe8 17. Rfe1 Bg7 18. Be3 Re6 19. Rad1 Rae8 20. Bg2 Nb6 21. Bd2 h5 22. h4 Nc4 23. Rxe6 Rxe6 {Moussard,J (2513)-Bailet,P (2502) Lille 2016 ½-½}) 9... Qc7 10. Nc3 O-O-O 11. a4 Rdg8 12. Rb1 g5 13. Bg2 a5 14. exd5 exd5 15. d4 Kb8 16. Qd3 h6 17. Re1 Nf8 18. Na2 Ne4 19. b4 f5 20. bxa5 Qxa5 21. Ba3 Bxa3 22. Qxa3 Nd7 23. Nb4 Kc7 24. c4 dxc4 25. Bxe4 fxe4 26. Rxe4 Re8 27. Rxe8 Rxe8 28. Qc3 Nb6 29. d5 Nxd5 30. Nxd5+ Qxd5 31. Qg7+ Kd6 32. Qxb7 Qd2 33. Kg2 Qd5+ 34. Kh2 Qd4 35. Qf7 Re7 36. Qf8 Kd5 37. Qd8+ 1-0